000 00472nam a2200157 i 4500
001 125464
003 ES-MaACL
005 20230906192632.0
007 t|
008 070613s1956 sp ||||1| spa d
245 0 0 _aVida pastoril en el País Vasco.
260 _aSan Sebastián :
_bAranzadi,
_c1956.
300 _a203 p. :
_bil. ;
_c23 cm.
500 _aEs un número monográfico de "Anuario de Eusko-Folklore", 1955, tomo 15.
852 _aES-MaACL
_jC-14092
_bR.40963
999 _c125464
_d125464